| 000 | 00604nam a2200217Ia 4500 | ||
|---|---|---|---|
| 008 | 180523s9999 xx 000 0 und d | ||
| 020 | _a0-7360-4567 | ||
| 050 | _aMAIN GV 1799 | ||
| 050 | _b.W55 2004 | ||
| 100 | _aWillis, Cheryl M. | ||
| 245 | 0 | _aDance education tips from the trenches / | |
| 245 | 0 | _cCheryl M. Willis. | |
| 260 | _aUSA : | ||
| 260 | _bHuman Kinetics, | ||
| 260 | _c2003 | ||
| 300 | _a249 pages : | ||
| 300 | _billustrations ; | ||
| 300 | _c23 cm. | ||
| 650 | _aDance -- Study and teaching (Elementary) -- United States. | ||
| 650 | _xDance for children -- United States. | ||
| 999 |
_c356724 _d356724 |
||